| 000 | 01012nam a2200289 a 4500 | ||
|---|---|---|---|
| 001 | 13647 | ||
| 003 | BD-RjUL | ||
| 005 | 20211208235505.0 | ||
| 008 | 161211s1979 enkaf b 101 0 eng | ||
| 020 | _a0904498085 | ||
| 035 | _a(BD-RjUL)13699 | ||
| 040 |
_aDLC _cDLC _dDLC _dBD-RjUL _beng |
||
| 041 | _aeng | ||
| 082 | 0 | 0 |
_a660.65 _bBIO 1979 _223 |
| 245 | 0 | 0 |
_aBiochemistry of genetic engineering / _corganized and edited by P. B. Garland and R. Williamson. |
| 260 |
_aLondon : _bBiochemical Society, _cc1979. |
||
| 300 |
_axi, 145 p., [10] p. of plates, [4] leaves of plates : _bill. ; _c24 cm. |
||
| 490 | 1 |
_aBiochemical Society symposia ; _vno. 44 |
|
| 504 | _aIncludes bibliographies and index. | ||
| 650 | 0 |
_aGenetic engineering _xCongresses. _937215 |
|
| 650 | 0 |
_aBiochemical genetics _xCongresses. _942714 |
|
| 700 | 1 |
_aGarland, P. B. _942715 |
|
| 700 | 1 |
_aWilliamson, R. _q(Robert) _942716 |
|
| 710 | 2 |
_aBiochemical Society (Great Britain) _937053 |
|
| 942 |
_2ddc _cBK |
||
| 999 |
_c13647 _d13647 |
||